00590nam a2200205 a 4500001001300000003000900013005001700022008004100039020002300080082001900103100002800122245003800150260004900188300000900237500003500246505004100281650002200322650001200344700002800356nice12345678IN_TiNIC20260116013745.0050524s1996 alba grp 000 0 eng  a0791483 c56400a294.544 6bPEA aPearson, Anne Mackenzie aBecause It Gives Me Peace of Mind aAlbany bState University of New York c1996 a315p aincludes index and biblioraphy2 aNotes, Glossary, Bibliography, Index aWomen in Hinduism aVaratas1 aPearson, Anne Mackenzie